UK Birds by Picture 3 - Statistics

General Stats
  • This quiz has been taken 57 times
    55 since last reset
  • The average score is 11 of 16
Answer Stats
Picture Answer % Correct
Lapwing
90%
Nuthatch
85%
Peregrine Falcon
83%
Black Grouse
78%
Hoopoe
78%
Lesser-Spotted Woodpecker
78%
Pintail
76%
Water Rail
76%
White-Fronted Goose
68%
Sand Martin
66%
Bluethroat
61%
Common Eider
59%
Nightingale
59%
Corncrake
56%
Grasshopper Warbler
32%
Ortolan Bunting
22%
No matching quizzes found
Score Distribution
Percent of People with Each Score
Percentile by Number Answered
Your Score History
You have not taken this quiz since the last reset